Dominio de los contenidos matemáticos (Record no. 8194)

MARC details
000 -LEADER
campo de control de longitud fija 00685nam a2200193Ia 4500
001 - NÚMERO DE CONTROL
campo de control 3814
003 - IDENTIFICADOR DE NÚMERO DE CONTROL
campo de control OSt
005 - FECHA Y HORA DE LA ÚLTIMA TRANSACCIÓN
campo de control 20250317153702.0
008 - DATOS DE LONGITUD FIJA--INFORMACIÓN GENERAL
campo de control de longitud fija 241024s2013 xx a 001 0 spa d
020 ## - NÚMERO INTERNACIONAL ESTÁNDAR DEL LIBRO
Número Internacional Estándar del Libro 978-9945-8859-3-4
040 ## - FUENTE DE CATALOGACIÓN
Centro catalogador/agencia de origen CGID0027
Lengua de catalogación spa
Centro/agencia transcriptor CGID0027
Normas de descripción rda
082 ## - NÚMERO DE LA CLASIFICACIÓN DECIMAL DEWEY
Número de clasificación RD/510/R426d/IDEICE/2013
100 ## - ENTRADA PRINCIPAL--NOMBRE DE PERSONA
Nombre de persona República Dominicana. Ministerio de Educación/CECC/SICA/IDEICE
245 #0 - MENCIÓN DEL TÍTULO
Título Dominio de los contenidos matemáticos
Mención de responsabilidad, etc. por parte del docente, como factor de éxito o fracaso escolar en el primer ciclo del nivel básico en República Dominicana
260 ## - PUBLICACIÓN, DISTRIBUCIÓN, ETC.
Lugar de publicación, distribución, etc. Santo Domingo :
Nombre del editor, distribuidor, etc. IDEICE
Fecha de publicación, distribución, etc. 2013
901 ## - ELEMENTOS DE DATOS A LOCAL LDA (RLIN)
a 8/9/2014 11:53:00 a.m.
942 ## - ELEMENTOS DE ENTRADA SECUNDARIOS (KOHA)
Fuente de la clasificación o esquema de estantería Clasificación Decimal Dewey
Tipo de ítem Koha Libros
Suprimir en OPAC No
Holdings
Estatus retirado Estado de pérdida Fuente de la clasificación o esquema de estantería Estado de daño No para préstamo Biblioteca de origen Biblioteca actual Fecha de adquisición Total de préstamos Signatura topográfica completa Visto por última vez Identificador uniforme de recursos Precio de reemplazo Tipo de ítem Koha
    Clasificación Decimal Dewey     Repositorio IDEICE Repositorio IDEICE 24/02/2025   RD/510/R426d/IDEICE/2013 24/02/2025 https://ideice.gob.do/documentacion/publicaciones-id-p3-13-dominio-de-los-contenidos-matematicos-por-parte-del-docente-como-factor-de-exito-o-fracaso-escolar-en-el-primer-ciclo-del-nivel-basico-en-republica-dominicana 24/02/2025 Libros

© 2024. Todos los Derechos Reservados. Desarrollado por IDEICE